000 00963nam a2200313 4500
003 EC-UNACH
005 20251222101948.0
006 s||||gr|||| 00| 00
008 150116t9999 mx r gr 000 0 spa d
020 _a978-92-807-3069-2
040 _aEC-UNACH
_cEC-UNACH
041 _aspa
082 0 4 _223
_a577
_bL018562
110 _aEditora Novo Panama
245 _aAmérica latina y el caribe Atlas de un ambiente de transformación
250 _aS/N
264 _aPanama
_bEditora Novo Panamá
_c2010
300 _a313
505 _a-Capitulo 1- El contexto físico -Capitulo 2- Una tierra en constante cambio -Capitulo 3- La realidad del cambio ambiental
650 _aBIOMAS TERRESTRES
650 _aMANGLARES
650 _aBIODIVERSIDAD
700 _aPNUMA / USAID / CATHALAC
942 _2ddc
_c1
999 _c14351